Score 0/20 Timer 02:00
0 Plays Today
Hint Missing Word % Correct
My _____ is EarlName
98.6%
My Big Fat _____ WeddingGreek
96.4%
My _____ Friend's WeddingBest
96%
My Fair _____Lady
95.7%
(I've Had) The _____ of My LifeTime
94.5%
You Were Always On My _____Mind
93.2%
My _____ & KidsWife
90.8%
_____, Where's My CarDude
84.2%
My _____ FootLeft
83.6%
My _____ Vinny Cousin
78.4%
Hint Missing Word % Correct
_____ My FireLight
76.8%
_____ My ChildrenAll
73.5%
My So-Called _____Life
71.1%
_____ on My MindGeorgia
68.6%
Are You Gonna Be My _____Girl
62.9%
_____ My ReligionLosing
60.3%
My Three _____Sons
56.6%
My Own _____ IdahoPrivate
39.6%
Everybody's Got Something to Hide Except Me and My _____Monkey
13%
_____ My ConcubineFarewell
9.4%

Today's Daily Dose

Missing Word
I Hardly Know Her!

Word Ladder
Sentence Ending

Quick Pick
Female Firsts

Get the Picture
Triathlon Sports

Remove Ads.
Support Sporcle.
Get the best of Sporcle when you Go Orange. This ad-free experience offers more features, more stats, and more fun while also helping to support Sporcle. Thank you for becoming a member.

You're not logged in!

Compare scores with friends on all Sporcle quizzes.
OR
Log In

Show Comments

Extras

Top Quizzes Today


Score Distribution

Your Account Isn't Verified!

In order to create a playlist on Sporcle, you need to verify the email address you used during registration. Go to your Sporcle Settings to finish the process.

Report this User

Report this user for behavior that violates our Community Guidelines.

Details: